Statistics for World Series Champions 1903-2019

Click here to take the quiz!

General Stats

  • This quiz has been taken 2,581 times
    (462 since last reset)
  • The average score is 77 of 115

Answer Stats

Year Team % Correct
2019Washington Nationals
96%
2018Boston Red Sox
95%
2017Houston Astros
95%
2016Chicago Cubs
94%
2015Kansas City Royals
91%
2014San Francisco Giants
91%
2013Boston Red Sox
90%
2012San Francisco Giants
90%
2010San Francisco Giants
89%
2009New York Yankees
89%
2000New York Yankees
89%
2011St Louis Cardinals
88%
1998New York Yankees
88%
1999New York Yankees
88%
2007Boston Red Sox
87%
2004Boston Red Sox
87%
2001Arizona Diamondbacks
86%
1996New York Yankees
85%
2003Florida Marlins
85%
2005Chicago White Sox
84%
1993Toronto Blue Jays
84%
1995Atlanta Braves
83%
2006St Louis Cardinals
82%
1997Florida Marlins
82%
2008Philadelphia Phillies
82%
1992Toronto Blue Jays
81%
1988Los Angeles Dodgers
80%
2002Anaheim Angels
80%
1991Minnesota Twins
79%
1990Cincinnati Reds
77%
1989Oakland Athletics
77%
1986New York Mets
76%
1978New York Yankees
74%
1977New York Yankees
73%
1975Cincinnati Reds
73%
1969New York Mets
72%
1985Kansas City Royals
72%
1949New York Yankees
72%
1984Detroit Tigers
71%
1976Cincinnati Reds
71%
1956New York Yankees
71%
1950New York Yankees
70%
1987Minnesota Twins
70%
1953New York Yankees
70%
1958New York Yankees
70%
1951New York Yankees
70%
1952New York Yankees
69%
1961New York Yankees
69%
1983Baltimore Orioles
69%
1962New York Yankees
68%
1927New York Yankees
68%
1928New York Yankees
67%
1972Oakland Athletics
67%
1982St Louis Cardinals
67%
1908Chicago Cubs
66%
1980Philadelphia Phillies
66%
1979Pittsburgh Pirates
66%
1973Oakland Athletics
66%
1981Los Angeles Dodgers
65%
1974Oakland Athletics
65%
1923New York Yankees
65%
1947New York Yankees
65%
1939New York Yankees
64%
1948Cleveland Indians
64%
1967St Louis Cardinals
64%
1941New York Yankees
63%
1936New York Yankees
63%
1970Baltimore Orioles
63%
1937New York Yankees
63%
1938New York Yankees
62%
1918Boston Red Sox
62%
1955Brooklyn Dodgers
62%
1903Boston Americans
61%
1960Pittsburgh Pirates
61%
1907Chicago Cubs
60%
1968Detroit Tigers
60%
1919Cincinnati Reds
60%
1964St Louis Cardinals
60%
1932New York Yankees
60%
1971Pittsburgh Pirates
60%
1954New York Giants
60%
1959Los Angeles Dodgers
60%
1943New York Yankees
59%
1965Los Angeles Dodgers
57%
1963Los Angeles Dodgers
56%
1966Baltimore Orioles
56%
1957Milwaukee Braves
55%
1917Chicago White Sox
54%
1946St Louis Cardinals
54%
1906Chicago White Sox
52%
1915Boston Red Sox
52%
1922New York Giants
52%
1921New York Giants
52%
1944St Louis Cardinals
52%
1912Boston Red Sox
51%
1942St Louis Cardinals
51%
1916Boston Red Sox
51%
1905New York Giants
51%
1945Detroit Tigers
50%
1934St Louis Cardinals
49%
1920Cleveland Indians
49%
1913Philadelphia Athletics
48%
1940Cincinnati Reds
48%
1924Washington Senators
48%
1926St Louis Cardinals
48%
1929Philadelphia Athletics
47%
1909Pittsburg Pirates
47%
1930Philadelphia Athletics
47%
1931St Louis Cardinals
47%
1933New York Giants
47%
1935Detroit Tigers
47%
1925Pittsburgh Pirates
46%
1914Boston Braves
45%
1911Philadelphia Athletics
45%
1910Philadelphia Athletics
45%

Score Distribution

Percentile by Number Answered

Percent of People with Each Score

Your Score History

You have not taken this quiz since the last reset